| 000 | 01034nam0a22002531 4500 | ||
|---|---|---|---|
| 001 | rc\555955 | ||
| 005 | 20030616170318.3 | ||
| 035 | _a(NLR Aleph) 005791441 | ||
| 090 |
_a5201008 _c5201008 |
||
| 100 | _a20030616d1987 u |0rusy50 ca | ||
| 101 | 0 | _arus | |
| 102 | _aRU | ||
| 105 | _aa ||||||||| | ||
| 200 | 1 |
_aСовершенствование подготовки крутых угольных пластов Донбасса _fД.Т. Горбачев, Е.А. Дымченко, С.К. Стрижиборода _gЦентр. правл. Науч.-техн. горн. о-ва, Секция "Разраб. угольных месторождений подзем. способом" |
|
| 210 |
_aМ. _cБ. и. _d1987 |
||
| 215 |
_a64 с. _cил. _d20 |
||
| 700 | 1 |
_aГорбачев _bД. Т. _gДмитрий Тимофеевич |
|
| 701 | 1 |
_aДымченко _bЕ. А. |
|
| 701 | 1 |
_aСтрижиборода _bС. К. |
|
| 801 | 0 |
_aRU _bNLR _gpsbo |
|
| 801 | 1 |
_aRU _bELAR _2rusmarc |
|
| 852 |
_aNLR _j87-4/23202 |
||
| 942 | _cBOOK | ||
| 980 | _aNB | ||